Tragedias de mar y tierra (Record no. 68779)

MARC details
000 -LEADER
campo de control de longitud fija 00504nam a2200157 i 4500
001 - NÚMERO DE CONTROL
campo de control 68779
003 - IDENTIFICADOR DE NÚMERO DE CONTROL
campo de control ES-MaACL
005 - FECHA Y HORA DE LA ÚLTIMA TRANSACCIÓN
campo de control 20250730063111.0
007 - CAMPO FIJO DE DESCRIPCIÓN FÍSICA--INFORMACIÓN GENERAL
campo de control de longitud fija t|
008 - DATOS DE LONGITUD FIJA--INFORMACIÓN GENERAL
campo de control de longitud fija 040708s1881 sp ||||1| spa d
100 1# - ENTRADA PRINCIPAL--NOMBRE DE PERSONA
Nombre de persona Ginard de la Rosa, Rafael,
Fechas asociadas al nombre 1848-1918
9 (RLIN) 57106
245 10 - MENCIÓN DEL TÍTULO
Título Tragedias de mar y tierra
Resto del título : recuerdos y narraciones del Oriente /
Mención de responsabilidad, etc. Rafael Ginard de la Rosa.
260 ## - PUBLICACIÓN, DISTRIBUCIÓN, ETC.
Lugar de publicación, distribución, etc. Madrid :
Nombre del editor, distribuidor, etc. [s.n.],
Fecha de publicación, distribución, etc. 1881 (
Fabricante Imp. Alvarez Hermanos)
852 ## - LOCALIZACIÓN
Ubicación ES-MaACL
Número de control de estantería G-8035
Holdings
Estatus retirado Estado de pérdida Estado de daño No para préstamo Colección Biblioteca de origen Biblioteca actual Ubicación en estantería Fecha de adquisición Fuente de adquisición Total de préstamos Signatura topográfica completa Código de barras Visto por última vez Precio de reemplazo Tipo de ítem Koha
        Libros del s. XIX Biblioteca del Ateneo de Madrid Biblioteca del Ateneo de Madrid Sala Pecera Planta 3 17/01/2008     G-8035 1072013 23/02/2023 23/02/2023 Libro impreso antiguo